006870000a220008500045001000018000002450042000183000041000605200442001017730058005431 aPixley, Jorge10aMiqueas el libro y Miqueas el profeta aNum. 35-36 (2000), Páginas 182-186 aEl profeta Miqueas es un profeta extraño. En este artículo se analizan los conjuntos de oráculos, destacándose el dato de las relecturas alternadas con los textos más antiguos. En la segunda parte se estudia en particular el tema de la insurrección popular, que puede leerse en el pasaje extraño de 2,10. Desde el punto de vista hermenéutico, se tocan algunos problemas referentes a la transmisión (TM y LXX) del texto.0 tRevista de Interpretación Bíblica Latinoamericana